| 000 | 00477 a2200181 4500 | ||
|---|---|---|---|
| 003 | Nust | ||
| 005 | 20170207165540.0 | ||
| 040 | _cNust | ||
| 082 | _a050 | ||
| 100 | _aMaj Gen Asim Saleem Bajwa, | ||
| 245 |
_aHilal January-2014 _cMaj Gen Asim Saleem Bajwa |
||
| 260 |
_aRawalpindi _bISRP _c2014 |
||
| 300 | _aUrdu 72 English 80 p.; | ||
| 490 | _vEdition.7, Volume .50 | ||
| 538 | _aAlmirah Journals No.3 Shelf No.2 | ||
| 650 | _aMagazine | ||
| 651 | _aPakistan Armed Forces Magazine | ||
| 942 | _cMAGS | ||
| 999 |
_c212409 _d212409 |
||